[Event "BdF-Smaragd 07 email"]
[Site "GER email"]
[Date "2016.06.26"]
[Round "?"]
[White "Belmar Juaranz, Carlos"]
[Black "Lukas, Norbert"]
[Result "1/2-1/2"]
[WhiteElo "2260"]
[BlackElo "2206"]
[PlyCount "69"]
[EventDate "2016.??.??"]
[EventType "tourn (corr)"]
[EventRounds "16"]
[EventCountry "GER"]
[SourceTitle "Corr 2017"]
[Source "ChessBase"]
[SourceDate "2017.09.19"]
[SourceVersion "1"]
[SourceVersionDate "2017.09.19"]
[SourceQuality "1"]

1. e4 e6 2. d4 d5 3. Nc3 Bb4 4. e5 c5 5. a3 Bxc3+ 6. bxc3 Ne7 7. Qg4 0-0 8. Bd3 Nbc6 9. Nf3 f5 10. Qg5 Qa5 11. Bd2 b6 12. a4 c4 13. Be2 b5 14. 0-0 bxa4 15. Ra2 Bd7 16. Rfa1 Rfb8 17. Bf1 Qc7 18. Rxa4 a5 19. R4a2 Be8 20. Qe3 Rb7 21. Bc1 h6 22. Ba3 Bh5 23. Bc5 Rf8 24. Nd2 f4 25. Qe1 Rf7 26. Rb1 Nf5 27. Rab2 Qc8 28. g3 Rxb2 29. Rxb2 Rb7 30. Rxb7 Qxb7 31. Bg2 Kh7 32. Qa1 g5 33. Nf1 Qc8 34. Qa3 Bg6 35. Bh3 1/2-1/2

[Event "BdF-Smaragd 07 email"]
[Site "GER email"]
[Date "2016.06.26"]
[Round "?"]
[White "Belmar Juaranz, Carlos"]
[Black "Sciurti, Domenico"]
[Result "1-0"]
[WhiteElo "2260"]
[BlackElo "2181"]
[PlyCount "49"]
[EventDate "2016.??.??"]
[EventType "tourn (corr)"]
[EventRounds "16"]
[EventCountry "GER"]
[SourceTitle "Corr 2017"]
[Source "ChessBase"]
[SourceDate "2017.09.19"]
[SourceVersion "1"]
[SourceVersionDate "2017.09.19"]
[SourceQuality "1"]

1. e4 e6 2. d4 d5 3. Nc3 Bb4 4. e5 c5 5. a3 Bxc3+ 6. bxc3 Qa5 7. Bd2 Qa4 8. Qg4 Kf8 9. Nf3 Nc6 10. Qf4 c4 11. Ng5 Nd8 12. Be2 h6 13. Nh3 Qxc2 14. 0-0 Ne7 15. Bd1 Qd3 16. Be1 Qg6 17. f3 f5 18. exf6 Qxf6 19. Qd2 Ndc6 20. g4 Ng6 21. Bg3 Bd7 22. Bc2 Kg8 23. Rae1 Nce7 24. f4 Rf8 25. Ng5 1-0

[Event "BdF-Smaragd 07 email"]
[Site "GER email"]
[Date "2016.06.26"]
[Round "?"]
[White "Knittel, Martin"]
[Black "Belmar Juaranz, Carlos"]
[Result "1/2-1/2"]
[WhiteElo "2188"]
[BlackElo "2260"]
[PlyCount "52"]
[EventDate "2016.??.??"]
[EventType "tourn (corr)"]
[EventRounds "16"]
[EventCountry "GER"]
[SourceTitle "Corr 2017"]
[Source "ChessBase"]
[SourceDate "2017.09.19"]
[SourceVersion "1"]
[SourceVersionDate "2017.09.19"]
[SourceQuality "1"]

1. e4 c5 2. Nf3 d6 3. d4 cxd4 4. Nxd4 Nf6 5. Nc3 a6 6. Be3 e5 7. Nb3 Be6 8. Qd2 Nbd7 9. 0-0-0 Be7 10. f3 h5 11. Kb1 b5 12. Nd5 Bxd5 13. exd5 Nb6 14. Bxb6 Qxb6 15. Na5 Rc8 16. Nc6 Nxd5 17. Nxe7 Nxe7 18. Qxd6 Qxd6 19. Rxd6 Nc6 20. Rd1 Ke7 21. c3 Nd8 22. Bd3 Ne6 23. Rhe1 f6 24. h4 Rcg8 25. a4 bxa4 26. Bxa6 Rb8 1/2-1/2